<?xml version="1.0" encoding="UTF-8"?>
<record
    xmlns:xsi="http://www.w3.org/2001/XMLSchema-instance"
    xsi:schemaLocation="http://www.loc.gov/MARC21/slim http://www.loc.gov/standards/marcxml/schema/MARC21slim.xsd"
    xmlns="http://www.loc.gov/MARC21/slim">

  <leader>01174nam a22002177a 4500</leader>
  <controlfield tag="003">BDDh-ASL</controlfield>
  <controlfield tag="005">20231015031232.0</controlfield>
  <controlfield tag="008">230319s2010    b  ||||| |||| 00| 0 b   d</controlfield>
  <datafield tag="040" ind1=" " ind2=" ">
    <subfield code="a">BDDh-ASL</subfield>
    <subfield code="c">BDDh-ASL</subfield>
  </datafield>
  <datafield tag="041" ind1=" " ind2=" ">
    <subfield code="a">ben </subfield>
  </datafield>
  <datafield tag="082" ind1=" " ind2=" ">
    <subfield code="a">954.9283</subfield>
    <subfield code="b">KAD</subfield>
  </datafield>
  <datafield tag="100" ind1="1" ind2=" ">
    <subfield code="a">&#x995;&#x9BE;&#x9AE;&#x9BE;&#x9B2;, &#x9AE;&#x9C7;&#x9B8;&#x9AC;&#x9BE;&#x9B9;&#x9CD; </subfield>
    <subfield code="9">1092</subfield>
  </datafield>
  <datafield tag="245" ind1="1" ind2="0">
    <subfield code="a">&#x9A6;&#x9BF;&#x9A8;&#x9BE;&#x99C;&#x9AA;&#x9C1;&#x9B0;&#x9C7;&#x9B0; &#x9A4;&#x9C7;&#x9AD;&#x9BE;&#x997;&#x9BE; &#x986;&#x9A8;&#x9CD;&#x9A6;&#x9CB;&#x9B2;&#x9A8;, &#x9AA;&#x9CD;&#x9B0;&#x9B8;&#x9CD;&#x9A4;&#x9C1;&#x9A4;&#x9BF;&#x9AA;&#x9B0;&#x9CD;&#x9AC; / </subfield>
  </datafield>
  <datafield tag="246" ind1=" " ind2=" ">
    <subfield code="a">Dinajpurer Tebhaga Andolan : Prostutiparba (Tebhaga Movement in Dinajpur : The Preparatory Phase) by Mesbah Kamal </subfield>
  </datafield>
  <datafield tag="260" ind1=" " ind2=" ">
    <subfield code="a">&#x9A2;&#x9BE;&#x995;&#x9BE; : </subfield>
    <subfield code="b">&#x989;&#x9CE;&#x9B8; &#x9AA;&#x9CD;&#x9B0;&#x995;&#x9BE;&#x9B6;&#x9A8;, </subfield>
    <subfield code="c">2010. </subfield>
  </datafield>
  <datafield tag="300" ind1=" " ind2=" ">
    <subfield code="a">112 p. : </subfield>
    <subfield code="c">22 cm. </subfield>
  </datafield>
  <datafield tag="504" ind1=" " ind2=" ">
    <subfield code="a">Includes bibliographical references and index.</subfield>
  </datafield>
  <datafield tag="650" ind1=" " ind2="0">
    <subfield code="a">Riot, &#x9A6;&#x9BE;&#x999;&#x9CD;&#x997;&#x9BE; , D&#x101;&#x1E45;g&#x101;, &#x986;&#x9A8;&#x9CD;&#x9A6;&#x9CB;&#x9B2;&#x9A8;,  &#x100;nd&#x14D;lana, Movement, Fight, Sa&#x1E45;gr&#x101;ma, Struggle, &#x9AF;&#x9C1;&#x9A6;&#x9CD;&#x9A7;, &#x9B8;&#x982;&#x997;&#x9CD;&#x9B0;&#x9BE;&#x9AE;, &#x9B2;&#x9A1;&#x9BC;&#x9BE;&#x987;, &#x9A6;&#x9CD;&#x9AC;&#x9A8;&#x9CD;&#x9A6;&#x9CD;&#x9AC;, &#x9B8;&#x9AE;&#x9B0;, &#x995;&#x9A8;&#x9CD;&#x9A6;&#x9B2;, &#x997;&#x9A3; &#x986;&#x9A8;&#x9CD;&#x9A6;&#x9CB;&#x9B2;&#x9A8;, Ga&#x1E47;a &#x101;nd&#x14D;lana, Mass Movement</subfield>
    <subfield code="9">7560</subfield>
  </datafield>
  <datafield tag="651" ind1=" " ind2="0">
    <subfield code="a">Dinajpur (&#x9A6;&#x9BF;&#x9A8;&#x9BE;&#x99C;&#x9AA;&#x9C1;&#x9B0;)</subfield>
    <subfield code="z">Bangladesh (&#x9AC;&#x9BE;&#x982;&#x9B2;&#x9BE;&#x9A6;&#x9C7;&#x9B6;) </subfield>
    <subfield code="9">4585</subfield>
  </datafield>
  <datafield tag="942" ind1=" " ind2=" ">
    <subfield code="2">ddc</subfield>
    <subfield code="c">BK</subfield>
  </datafield>
  <datafield tag="952" ind1=" " ind2=" ">
    <subfield code="0">0</subfield>
    <subfield code="1">0</subfield>
    <subfield code="2">ddc</subfield>
    <subfield code="4">0</subfield>
    <subfield code="7">0</subfield>
    <subfield code="8">NFIC</subfield>
    <subfield code="a">ASL</subfield>
    <subfield code="b">ASL</subfield>
    <subfield code="c">GEN</subfield>
    <subfield code="d">2023-03-19</subfield>
    <subfield code="e">Amar Ekushey Book Fair 2022</subfield>
    <subfield code="l">0</subfield>
    <subfield code="o">954.9283 KAD</subfield>
    <subfield code="p">119741</subfield>
    <subfield code="r">2023-03-19 00:00:00</subfield>
    <subfield code="t">C-1</subfield>
    <subfield code="w">2023-03-19</subfield>
    <subfield code="y">BK</subfield>
    <subfield code="z">Y-2010</subfield>
  </datafield>
  <datafield tag="999" ind1=" " ind2=" ">
    <subfield code="c">31131</subfield>
    <subfield code="d">31131</subfield>
  </datafield>
</record>
